00851 2200265 4500001002100000005001500021035002000036007000300056008004100059020002200100082001000122084001600132100006900148245014200217250001000359260004000369300002600409650002400435700001800459700001500477520003000492520004100522990001100563990001100574INLIS00000000000355920190625065633 a0010-0619000103ta190625 g 0 ind  a978-602-1683-23-1 a297.4 a297.4 MAT f0 aAL-QADHI, Abu Syuja' Ahmad bin Al- Husain bin Ahmad AL-Ashfahani1 aFikih Sunnah Imam Syafi'i /cAl-Qadhi Abu Syuja' Ahmad bin Al- Husain bin Ahmad AL-Ashfahani; penerjemah, Rizki Fauzan; editor, Abu Hasna acet.1 a[s.l] :bFathan Media Prima,c[s.a] axx, 422 hlm. ;c25 cm 4aISLAM. FIQIH SUNNAH0 aRIZKI, Fauzan0 aABU, Hasna aBibliografi: hlm. 420-422 ajudul asli: Matnil Ghayah wat Taqrib a6844 a a6844 b